01480nam a2200193Ia 450000500170000000800410001702000110005804000190006904100120008808200160010024500930011626000380020930000100024750409350025765000300119265100220122270000320124485000100127620230220134019.0131103s9999 xx 000 0 und d cRs 150 aLoreto College aEnglish a821(I)bSEN aIndo-Anglian Poetryb a collection of critical essays cEdited by Pradip Ranjan Sengupta aKolkatabReview Publicationc2008 a262p  aContents: Forword by Dr Chidananda Bhattacharya; Introduction by Dr. Pradip Ranjan Sengupta; Henry Louis Vivian Derozio by Dr. Amzed Hossein; Michael Madhusudan Dutt by Saurabh Bhattacharya; Toru Dutt: A lyrical life by Dr Debashish Chattopadhyay; Rabindranath Tagore by Dr Sudeshna Kar Barua; Swami Vivekananda by Prof Narayan :Saha; Monmohan Ghosh by Rituparna Dutta;Sri Aurobindo: the Poet by Dr. Dilip Kumar Chatterjee; The poetry of Sarojini Naidu By Dr Santosh Chakraborti; Shiv K Kumar by Sumana De; Nissim Ezekiel by Dr Pradip Ranjan Sengupata;The poetry of Jayanta Mahapatra by Subrata Sar;P Lal by Sumana De; A K Ramanujan: The poet of self tradition and modernity by Arnab Ray; Kamala Das by Dr Sumita Banerjee; A study of R Parthasarathy's poetry by Dr Jolly Das;Keki N Daruwalla by Sumana De; Jibanananda Das by Dr Gautam Sengupta; Udipi R Ananthamurthy by Saurabh Bhattacharya; Harvansh Rai Bachchan by Ranjan Mondal aIndian Writing in English aPoetry in English aSengupta, Pradip Ranjan, ed aLCLIB